000 00684nam a2200253Ia 4500
003 OSt
005 20221006150846.0
006 a|||||r|||| 00| 0
007 ta
008 221006b |||||||| |||| 00| 0 jpn d
024 _a20,024
037 _bGift, Japan Foundation
_cTextual
040 _aEASL
_cEASL
_bjpn
041 _2jpn
_ajpn
082 _aW.42.N85, M8.2
100 _aMASUMI Junnosuke
245 0 _aGendai seiji. 2 Vols
260 _aTokyo
_bTokyo Daigaku Japan
_c1988
300 _a700p.
_ccm.
490 _v V.2JL
650 _aJL
942 _hW.42.N85, M8.2
_cTEXL
_2CC
999 _c1088110
_d1088110